000 00630nam a2200241Ia 4500
003 OSt
005 20220924115509.0
006 a|||||r|||| 00| 0
007 ta
008 220923b |||||||| |||| 00| 0 hin d
024 _a10104
037 _cTextual
040 _aARTS
_cARTS
_bhin
041 _2hin
_ahin
082 _aQ2:223, 152M6
100 _aVyas
_93466
245 0 _aSrimad Bhagvatam with commentary " Samayiki" by Ramtej Pandey
260 _aDelhi
_bC S P
_c1986
300 _a1460p.
_ccm.
650 _aRELIGION
942 _hQ2:223, 152M6
_cTEXL
_2CC
999 _c398587
_d398587